Sport en Images - F - Statistiques

Statistiques générales
  • Ce quiz a été pris 178 fois
  • Le résultat moyen est 10 sur 20
Statistiques - réponses
Par images Hint Réponse % Correct
Discipline Formule 1
95%
Equipement Fila
93%
Discipline Football
93%
Sportif Roger Federer
83%
Institution FIFA
76%
Exercice de musculation Fente
68%
Club de Premier League Fulham FC
66%
Tournoi FA Cup
62%
Sportif Enzo Fernandez
58%
Sportif Chris Froome
56%
Arbitre Stéphanie Frappart
56%
Poste Frappeur
45%
Discipline Fitness
41%
Sportif Just Fontaine
35%
Terme technique Fadeaway
24%
Stade Francis Le Blé
12%
Equipement Fox Racing
5%
Club de NHL Florida Panthers
1%
Tournoi Fedex Cup
0%
Matériel Foam Roller
0%
Aucun quiz correspondant
Distribution des résultats
% des personnes avec chaque résultat
Percentile par nombre de réponses
Votre historique - résultats
Vous n’avez pas pris ce quiz